书目信息 |
| 题名: |
心理学是什么
|
|
| 作者: | 崔丽娟 著 | |
| 分册: | ||
| 出版信息: | 北京 北京大学出版社 2002 |
|
| 页数: | 301页 | |
| 开本: | 21cm | |
| 丛书名: | 《人文社会科学是什么》丛书 | |
| 单 册: | ||
| 中图分类: | B84-49 , B84 | |
| 科图分类: | ||
| 主题词: | 心理学--通俗读物 , 心理学 | |
| 电子资源: | ||
| ISBN: | 7-301-05266-9 | |
| 000 | 01011oam2 2200301 450 | |
| 001 | 1559247827 | |
| 005 | 20150124150610.00 | |
| 010 | @a7-301-05266-9@dCNY18.00 | |
| 100 | @a20020302d2002 em y0chiy0110 ea | |
| 101 | 0 | @achi |
| 102 | @aCN@b110000 | |
| 105 | @aa z 000yy | |
| 200 | 1 | @a心理学是什么@9xin li xue shi shen me@f崔丽娟等著 |
| 210 | @a北京@c北京大学出版社@d2002 | |
| 215 | @a301页@c图@d21cm | |
| 225 | 2 | @a《人文社会科学是什么》丛书 |
| 300 | @a人文素质教育教材 人文社科基础读物 | |
| 314 | @a崔丽娟(女),华东师范大学心理系应用心理学副教授,编著有《当你十四岁青春初萌时》等书。 | |
| 330 | @a本书介绍了什么是心理学、精神分析、行为主义、人本主义、知觉及其研究、记忆与遗忘、思维、人类的社会性等内容。 | |
| 461 | 0 | @12001 @a《人文社会科学是什么》丛书 |
| 510 | 1 | @aWhat is Psychology ?@zeng |
| 606 | 0 | @a心理学@j通俗读物 |
| 606 | 0 | @a心理学 |
| 690 | @aB84-49@v5 | |
| 690 | @aB84@v4 | |
| 701 | 0 | @a崔丽娟@9cui li juan@4著 |
| 801 | 0 | @aCN@bTSSF@c20150120 |
| 905 | @aZUCC@dB84@eJY178 | |
| 心理学是什么/崔丽娟等著.-北京:北京大学出版社,2002 |
| 301页:图;21cm.-(《人文社会科学是什么》丛书) |
| 人文素质教育教材 人文社科基础读物 |
| ISBN 7-301-05266-9:CNY18.00 |
| 本书介绍了什么是心理学、精神分析、行为主义、人本主义、知觉及其研究、记忆与遗忘、思维、人类的社会性等内容。 |
| ● |
| 相关链接 |
|
|
|
|
正题名:心理学是什么
索取号:B84/JY178
 
预约/预借
| 序号 | 登录号 | 条形码 | 馆藏地/架位号 | 状态 | 备注 |
| 1 | 7836519 | 278365190 | 学院路分馆/ [索取号:B84/JY178] | 在馆 | |
| 2 | 7858002 | 278580028 | 学院路分馆/ [索取号:B84/JY178] | 在馆 | |
| 3 | 7858003 | 278580037 | 学院路分馆/ [索取号:B84/JY178] | 在馆 | |
| 4 | 7858004 | 278580046 | 学院路分馆/ [索取号:B84/JY178] | 在馆 |